Aadhunik Europe ka Itihas: 1789 - 1950 (Record no. 23762)

MARC details
000 -LEADER
fixed length control field 00454nam a2200169Ia 4500
008 - FIXED-LENGTH DATA ELEMENTS--GENERAL INFORMATION
fixed length control field 230917s9999||||xx |||||||||||||| ||und||
020 ## - ISBN
Price RS399
040 ## - CATALOGING SOURCE
-- 241959
Original cataloging agency VIVEKANANDA LIBRARY
041 ## - Language
-- English
082 ## - DDC NUMBER
Classification number 940.27 P885A
100 ## - MAIN ENTRY--PERSONAL NAME
Personal name Parmod Kumar
245 #0 - TITLE STATEMENT
Title Aadhunik Europe ka Itihas: 1789 - 1950
260 ## - PUBLICATION, DISTRIBUTION, ETC. (IMPRINT)
Place of publication, distribution, etc Noida
Name of publisher, distributor, etc Pearson India
Date of publication, distribution, etc 2017
300 ## - PHYSICAL DESCRIPTION
Pages vi, 426 p.
500 ## - GENERAL NOTE
General note 2838 30/08/2017 APD17/1060896 06/09/2017 Main Budget
942 ## - ADDED ENTRY ELEMENTS (KOHA)
Koha item type Books
Holdings
Withdrawn status Lost status Damaged status Not for loan Location (home branch) Sublocation or collection (holding branch) Date acquired Koha issues (times borrowed) Koha full call number Accession No. Koha date last seen Koha item type
        VIVEKANANDA LIBRARY VIVEKANANDA LIBRARY 22/09/2017   940.27 P885A 362479 17/09/2023 Books
        VIVEKANANDA LIBRARY VIVEKANANDA LIBRARY 22/09/2017 2 940.27 P885A 362480 02/04/2025 Books
        VIVEKANANDA LIBRARY VIVEKANANDA LIBRARY 22/09/2017 3 940.27 P885A 362481 18/02/2026 Books
© Designed and Maintained by Vivekananda Library, MDU Rohtak